Men European Handball Championship Top 4 Positions - Statistics

General Stats
  • This quiz has been taken 401 times
  • The average score is 11 of 12
Answer Stats
Answer % Correct
France
100%
Spain
99%
Sweden
98%
Denmark
97%
Germany
97%
Norway
96%
Croatia
92%
Russia
90%
Poland
85%
Serbia
79%
Slovenia
73%
Iceland
71%
No matching quizzes found
Score Distribution
Percent of People with Each Score
Percentile by Number Answered
Your Score History
You have not taken this quiz